Christian Apologetics. (Record no. 120)
[ view plain ]
| 000 -LEADER | |
|---|---|
| fixed length control field | 00556nam a2200241 a 4500 |
| 020 ## - INTERNATIONAL STANDARD BOOK NUMBER | |
| ISBN | |
| 082 00 - DEWEY DECIMAL CLASSIFICATION NUMBER | |
| Classification number | 239 |
| Author Cutter | RIC1 |
| 100 ## - MAIN ENTRY--AUTHOR NAME | |
| Author name | Richardson, Alan |
| 245 ## - TITLE STATEMENT | |
| Title | Christian Apologetics. |
| 260 ## - PUBLICATION, DISTRIBUTION, ETC. (IMPRINT) | |
| Place of publication | London |
| Name of publisher | SCM Press |
| Year of publication | 1963 |
| 300 ## - PHYSICAL DESCRIPTION | |
| Number of Pages | 256p |
| 500 ## - GENERAL NOTE | |
| General note | includes index and biblioraphy |
| 505 2# - FORMATTED CONTENTS NOTE | |
| Formatted contents note | Index |
| 650 ## - SUBJECT ADDED ENTRY--TOPICAL TERM | |
| Topical Term | Apologetics |
| 942 ## - ADDED ENTRY ELEMENTS (KOHA) | |
| Koha item type | Books |
| 700 1# - | |
| -- | Richardson, Alan |
| Home library | Current library | Date acquired | Cost, normal purchase price | Full call number | Accession Number | Koha item type |
|---|---|---|---|---|---|---|
| Henry Martyn Institute Library | Henry Martyn Institute Library | 05/24/2005 | 897.60 | 239 RIC1 | 03458 | E-Books |
